Szeged Európa-díjas társvárosai vendégeskednek a Tisza partján Berlin ma is büszke, hogy segíthetett Szegednek
Elmentve itt :
| Dokumentumtípus: | Cikk |
|---|---|
| Megjelent: |
2009-03-13
|
| Sorozat: | Délmagyarország
99 No. 61 |
| Kulcsszavak: | Együttműködés, Darmstadt |
| Online Access: | http://dmarchiv.bibl.u-szeged.hu/128316 |
| LEADER | 00506nab a2200145 i 4500 | ||
|---|---|---|---|
| 001 | delm128316 | ||
| 005 | 20200207152115.0 | ||
| 008 | 200207s2009 hu o 0|| hun d | ||
| 040 | |a SZTE Délmagyarország Archívum |b hun | ||
| 041 | |a hun | ||
| 245 | 0 | 0 | |a Szeged Európa-díjas társvárosai vendégeskednek a Tisza partján |h [elektronikus dokumentum] : |b Berlin ma is büszke, hogy segíthetett Szegednek |
| 260 | |c 2009-03-13 | ||
| 300 | |a 3 | ||
| 490 | 0 | |a Délmagyarország |v 99 No. 61 | |
| 695 | |a Együttműködés, Darmstadt | ||